Reglament de la primera reunió dels metges de Catalunya y dels pobles de llengua catalana : que's [sic] celebrarà a Barcelona a mitjánts [sic] de juny de 1913 que's [sic] celebrarà a Barcelona a mitjánts [sic] de juny de 1913
Descripción Física:
1 full ; 25 cm
MARC
| LEADER | 00000nam a2200000Ia 4500 | ||
|---|---|---|---|
| 001 | 16498 | ||
| 008 | 160829s1912 xx 000 0 cat d | ||
| 080 | |a 3386, exp. de l'Associació General de Metges de Llengua Catalana ... | ||
| 245 | |a Reglament de la primera reunió dels metges de Catalunya y dels pobles de llengua catalana : |b que's [sic] celebrarà a Barcelona a mitjánts [sic] de juny de 1913 | ||
| 260 | |a [Barcelona] : |b (Imp. Vda. de Badia), |c 1912 | ||
| 300 | |a 1 full ; |c 25 cm | ||
| 650 | |a Metges |x Catalunya |x Congressos |x Normes |9 47546 | ||
| 901 | |a Arxiu | ||
| 942 | |n 1 | ||
| 952 | |0 0 |1 0 |4 0 |6 3386_EXP_DE_LASSOCIACIÓ_GENERAL_DE_METGES_DE_LLENGUA_CATALANA_ |7 1 |9 53954 |a Arxiu |b Arxiu |d 2016-12-01 |l 0 |o 3386, exp. de l'Associació General de Metges de Llengua Catalana ... |p 16498 |r 2016-12-01 00:00:00 |w 2016-12-01 |y ARXIU | ||
| 999 | |c 57821 |d 57821 | ||